[Event "11th Chennai Open-GM 2019"]
[Site "Chennai"]
[Date "2019.01.19"]
[Round "3"]
[White "Tran, Tuan Minh"]
[Black "Sarwat, Walaa"]
[Result "1-0"]
[WhiteElo "2541"]
[BlackElo "2265"]
[Annotator "TA"]
[PlyCount "99"]
[EventDate "2019.01.18"]
[EventType "swiss"]
[EventCountry "IND"]
[SourceTitle "playchess.com"]
[Source "ChessBase"]
[SourceQuality "1"]

{[%evp 16,99,61,72,69,86,91,87,92,87,77,91,142,64,64,49,63,46,52,62,64,60,108,108,108,104,101,103,133,125,125,120,191,181,187,191,193,187,181,153,153,138,132,113,139,133,166,164,225,225,228,227,231,218,241,241,246,247,342,342,398,376,383,382,351,329,329,299,362,362,365,334,386,366,387,387,522,514,527,515,608,601,911,1043,1954,2154]} 1. d4 d5 2. c4 c6 3. Nf3 Nf6 4. e3 g6 5. Nc3 Bg7 6. Be2 O-O 7. O-O Be6 8. b3 c5 {D94: Grünfeld: 4 Nf3 Bg7 5 e3} (8... Ne4 9. Bb2 Nxc3 10. Bxc3 Bf5 11. b4 Nd7 12. Qb3 Nf6 13. Rfc1 Ne4 14. Be1 a6 15. a4 Be6 16. Qc2 {1-0 (33) Swiercz,D (2639)-Prohaszka,P (2614) Saint Louis 2017}) 9. Ba3 {LiveBook: 6 Games} cxd4 10. Nxd4 Nc6 {White is better.} 11. Nxe6 fxe6 12. Rc1 Qa5 $146 ({Predecessor:} 12... d4 13. exd4 Nxd4 14. Nb5 e5 15. Nxd4 exd4 16. Bf3 {½-½ (52) Gill,N (2050)-Rice,C (2095) Port Erin 1998}) 13. Na4 Rfd8 {[#]} ({Black should try} 13... Rac8) 14. Qe1 (14. b4 $1 $16 {[%cal Rb4a5][%mdl 512]} Nxb4 15. Qb3) 14... Kf7 $14 15. cxd5 Rxd5 16. Bf3 Qxe1 17. Rfxe1 Rd2 18. Bb2 Nd5 19. Bxg7 Kxg7 20. Nc5 Kf7 21. Nxb7 Ncb4 22. a3 Rb8 {[#]} 23. Na5 $1 {[%cal Ra5c4] Hoping for Nc4.} ({Don't do} 23. axb4 $6 Rxb7 24. Red1 Rxd1+ 25. Bxd1 Nxb4 $14) 23... Nc2 (23... Nd3 $16) 24. Nc4 $18 Nxe1 25. Nxd2 Nd3 26. Rc4 Ne5 27. Bxd5 exd5 {[%mdl 4096] Endgame KRN-KRN} 28. Rc5 Ke6 29. Kf1 Kd6 30. b4 Nc6 31. Nb3 e5 {[#]} (31... a6 $142 32. Nd4 Nxd4) 32. e4 $1 {[%mdl 512]} dxe4 33. Nd2 Nd4 34. Nc4+ ({Resist} 34. Nxe4+ $6 Ke6) 34... Kd7 35. Rxe5 Nb5 36. Rxe4 a5 37. bxa5 Nc3 38. Rd4+ Kc7 {( -> ...Rb1+)} 39. Nb6 Kb7 40. g3 Ka6 41. Nc4 Kb5 42. Ne5 Re8 43. Rd3 Rc8 44. Rd7 Rc5 45. f4 g5 46. Nd3 {White is clearly winning.} Rf5 47. Rxh7 Kxa5 48. Rh5 Ne4 49. Nf2 Nd6 50. Rxg5 {Accuracy: White = 79%, Black = 40%.} 1-0

[Event "11th Chennai Open-GM 2019"]
[Site "Chennai"]
[Date "2019.01.19"]
[Round "3"]
[White "Karthik Venkataraman"]
[Black "Deshmukh, Anup"]
[Result "1-0"]
[WhiteElo "2515"]
[BlackElo "2259"]
[Annotator "TA"]
[PlyCount "53"]
[EventDate "2019.01.18"]
[EventType "swiss"]
[EventCountry "IND"]
[SourceTitle "playchess.com"]
[Source "ChessBase"]
[SourceQuality "1"]

{[%evp 20,53,58,53,65,39,77,18,78,78,122,152,192,179,163,136,166,166,252,261,303,295,298,293,437,436,397,397,393,264,599,598,674,670,633,614]} 1. e4 $146 (1. c4 c5 2. Nf3 g6 3. d4 cxd4 4. Nxd4 Nc6 5. e4 Nf6 6. Nc3 Bg7 7. Be3 d6 8. Be2 O-O 9. O-O {1-0 (33) Andreikin,D (2700)-Topalov,V (2752) Astana 2012}) ({Predecessor:} 1. Nf3 Nf6 2. c4 g6 3. Nc3 Bg7 4. e4 c5 5. d4 cxd4 {1-0 (37) Stojanovic,M (2519)-Rabrenovic,V (2319) Serbia 2005}) 1... c5 2. Nf3 g6 3. d4 cxd4 4. Nxd4 Bg7 5. c4 Nf6 6. Nc3 O-O ({Predecessor:} 6... d6 7. Be2 Nc6 8. Be3 Nxd4 9. Bxd4 O-O 10. O-O Be6 11. Rc1 Qa5 12. f4 Rfc8 13. b3 a6 {1-0 (37) Stojanovic,M (2519)-Rabrenovic,V (2319) Serbia 2005}) 7. Be2 a6 8. O-O d6 9. Be3 Nc6 10. Rc1 Nxd4 11. Bxd4 Be6 {B38: Sicilian: Maroczy Bind with 5...Bg7 and 7...0-0} (11... Bh6 12. f4 Be6 13. b3 Rc8 14. Bd3 Bd7 15. Nd5 Nxd5 16. exd5 b5 17. f5 bxc4 18. bxc4 Rb8 19. Qc2 {1-0 (33) Andreikin,D (2700)-Topalov,V (2752) Astana 2012}) 12. f4 Qa5 13. Qd3 (13. b3 $16) 13... Rfc8 (13... b5 $11 {keeps the balance.}) 14. b3 $16 Ne8 ({Predecessor:} 14... Rab8 15. f5 ({Predecessor:} 15. Ba7 Ra8 {1-0 (37) Stojanovic,M (2519)-Rabrenovic,V (2319) Serbia 2005}) 15... Bd7 16. Qe3 b5 17. Rc2 bxc4 18. Bxc4 Ng4 19. Qd2 Bxd4+ 20. Qxd4 {1-0 (37) Stojanovic,M (2519)-Rabrenovic,V (2319) Serbia 2005}) 15. f5 gxf5 16. exf5 Bxf5 17. Rxf5 Bxd4+ 18. Kh1 Rc5 (18... Be5 $142) 19. Nd5 $18 Rxd5 20. Rxd5 ({Not} 20. cxd5 Bg7 $16) 20... Qa3 21. Rg5+ Ng7 (21... Bg7 $142 22. Rf1 Qxa2) 22. Rf1 Bf6 23. Rg3 Qc5 24. Qe4 Qc6 $2 {[#]} (24... Qe5 25. Qxb7 Rf8) 25. Qf4 {White is clearly winning.} d5 26. cxd5 Qxd5 27. Qh6 {Accuracy: White = 69%, Black = 31%.} 1-0

[Event "11th Chennai Open-GM 2019"]
[Site "Chennai"]
[Date "2019.01.19"]
[Round "3"]
[White "Deviatkin, Andrei"]
[Black "Sai Vishwesh.C"]
[Result "0-1"]
[WhiteElo "2461"]
[BlackElo "2250"]
[Annotator "TA"]
[PlyCount "87"]
[EventDate "2019.01.18"]
[EventType "swiss"]
[EventCountry "IND"]
[SourceTitle "playchess.com"]
[Source "ChessBase"]
[SourceQuality "1"]

{[%evp 9,87,8,10,-2,6,0,0,-10,-12,-12,-10,-2,0,4,19,-15,-27,-25,-9,-28,26,38,120,112,110,104,108,83,125,115,108,114,115,103,111,113,92,92,142,137,146,137,111,143,135,119,210,198,179,108,123,127,124,121,94,35,25,27,37,39,45,0,0,-14,-29,-39,-49,-88,-68,-5206,-5206,-5114,-5089,-29994,-29995,-29996,-29997,-29997,-29998,-29999]} 1. d4 $146 (1. Nf3 Nf6 2. g3 g6 3. b3 Bg7 4. Bb2 d6 5. d4 c5 {1-0 (37) Markus,R (2613)-Martinovic,S (2567) Biograd 2018}) ({Predecessor:} 1. Nf3 Nf6 2. g3 g6 3. b3 Bg7 4. Bb2 d6 5. d4 c5 {0-1 (47) Rieger,R (2287)-Stradner,S (2204) Austria 2017}) 1... c5 2. d5 Nf6 3. Nf3 d6 4. g3 g6 5. b3 Bg7 {...Nxd5! is the strong threat.} 6. Bb2 {A43: Schmid Benoni} O-O (6... b5 7. Bg2 O-O 8. O-O Nbd7 9. Re1 Nb6 10. e4 e6 11. dxe6 Bxe6 12. Nbd2 h6 13. Qe2 Rb8 14. Rad1 Re8 15. Ba1 a6 {1-0 (37) Markus,R (2613)-Martinovic,S (2567) Biograd 2018}) 7. c4 b5 8. Nbd2 {The position is equal.} bxc4 9. bxc4 e6 ({Predecessor:} 9... Nbd7 10. Qc2 Rb8 11. Bc3 Nb6 12. e4 e6 13. Bd3 exd5 14. cxd5 {0-1 (47) Rieger,R (2287)-Stradner,S (2204) Austria 2017}) 10. dxe6 Bxe6 11. Bg2 Nbd7 12. O-O Rb8 13. Bc3 Nb6 14. Rc1 Qd7 (14... Re8 $142) 15. Ng5 $11 Qa4 ({Black should play} 15... Qe7 $14) 16. Nxe6 $16 fxe6 17. Bxf6 Bxf6 18. Ne4 Rbd8 19. Bh3 (19. Nxd6 $6 Qa6 $11) 19... Qxa2 20. Bxe6+ Kh8 21. Qd3 (21. Nxd6 $2 Qb2 $19) 21... Qb2 22. e3 Qe5 23. Bh3 d5 24. Nxf6 Qxf6 25. cxd5 Rxd5 26. Qa3 $1 c4 27. Qxa7 Rd2 (27... c3 $16 {was called for.}) 28. Rb1 $1 $18 {[%cal Rb1b6]} Rd6 29. Rb4 ({Better is} 29. e4 $18 Rf7 30. Qa6) 29... Rd1 30. f4 (30. Rxd1 {is a self mate.} Qxf2+ 31. Kh1 Qf3+ 32. Bg2 Qxd1+ 33. Bf1 Qxf1#) 30... Rd6 31. Bg2 Rc8 32. e4 (32. Qb7 $16 Qd8 33. Qe4) 32... Qd4+ $14 33. Kh1 {Hoping for e5.} Qc5 $1 {[%cal Rc5b4]} 34. Rbb1 {aiming for e5.} c3 35. e5 Rd7 36. Qa1 Rd2 37. Qa6 c2 38. Rbc1 {[#]} Rcd8 $1 $40 {[%mdl 128] Strongly threatening ...Rxg2! White needs to defend precisely.} 39. Qa2 $2 {[%mdl 8192] [#]} (39. Rfe1 $15) 39... Rxg2 $1 $19 {[%mdl 512]} 40. Kxg2 Rd2+ 41. Kh3 Qf8 {Black mates.} ({Don't blunder} 41... Qc6 $2 42. Qa3 $16 (42. Qf7 Nd7 $16)) 42. Kg4 Qf5+ 43. Kf3 Qh5+ {[%mdl 64] Double Attack} 44. Ke4 {Accuracy: White = 63%, Black = 71%.} 0-1

[Event "11th Chennai Open-GM 2019"]
[Site "Chennai"]
[Date "2019.01.19"]
[Round "3"]
[White "Nguyen, Van Huy"]
[Black "Aaryan Varshney"]
[Result "1-0"]
[WhiteElo "2450"]
[BlackElo "2225"]
[Annotator "TA"]
[PlyCount "119"]
[EventDate "2019.01.18"]
[EventType "swiss"]
[EventCountry "IND"]
[SourceTitle "playchess.com"]
[Source "ChessBase"]
[SourceQuality "1"]

{[%evp 24,119,46,54,84,105,88,100,107,102,93,81,102,114,184,191,220,242,233,230,220,174,174,166,174,165,192,195,195,195,199,177,172,117,141,130,171,173,185,185,235,234,274,274,256,261,274,257,274,274,274,274,402,384,414,414,415,380,380,368,410,385,410,410,410,393,723,652,808,577,561,518,503,477,573,485,29968,29969,29969,29970,29970,29971,29968,29969,29972,29973,29972,29968,29981,29982,29981,29982,29990,29991,29991,29992,29997,29998]} 1. d4 Nf6 2. c4 e6 3. Nf3 d5 4. g3 Be7 5. Bg2 O-O 6. O-O c6 {[%cal Bc7c6,Bc6c5][%mdl 32]} 7. Qc2 b6 8. Rd1 Bb7 9. b3 Nbd7 10. Nc3 Qc8 11. Bb2 c5 12. cxd5 {E08: Closed Catalan: Main Line: 7 Qc2} Nxd5 (12... exd5 13. Rac1 Rd8 14. Qb1 Qb8 15. Qa1 a6 16. Ne5 Qa7 17. e3 cxd4 18. Nxd7 Rxd7 19. Rxd4 Rad8 {½-½ (49) Cramling,P (2463)-Rydstrom,T (2306) Uppsala 2016}) 13. Nxd5 {LiveBook: 3 Games} exd5 14. Rac1 {White is better.} Re8 $146 ({Predecessor:} 14... Nf6 15. dxc5 Qxc5 16. Qf5 Qd6 17. Be5 Qd7 18. Qxd7 Nxd7 19. Rc7 Nxe5 20. Nxe5 Bd6 21. Rxb7 Bxe5 22. Rxd5 Bf6 23. Rdd7 Rfe8 {1-0 (23) Cordova,E (2269)-Martinovic,S (2165) Chalkidiki 2003}) 15. e3 a5 16. dxc5 bxc5 17. Ne1 {[%cal Bf3e1,Be1d3,Bd3f4][%mdl 32]} Nb6 18. Nd3 {[%cal Rd3c5]} c4 (18... d4 $16) 19. Nf4 $18 a4 20. Bd4 ({Weaker is} 20. Nxd5 Bxd5 21. Rxd5 (21. Bxd5 Nxd5 22. Rxd5 cxb3 $15) 21... Nxd5 $11) 20... axb3 21. axb3 Ra6 22. Bxb6 Rxb6 23. Nxd5 Bxd5 24. Bxd5 Rxb3 25. Bxc4 Rb8 26. Qe4 Qb7 27. Qf5 Rf8 28. Rb1 ({Better is} 28. Rd7 $18 Qb2 29. Rc2) 28... Qc8 $16 29. Qe4 Rxb1 30. Rxb1 Bf6 31. Rb7 $40 {[%mdl 128] White attacks with force.} Qd8 32. Ra7 g6 {[#]} 33. Bxf7+ $1 {[%mdl 512]} Kh8 (33... Rxf7 34. Ra8) 34. Kg2 Bg7 35. h4 Qf6 36. Qd5 Bh6 37. h5 gxh5 (37... g5 $142 38. Ra8 Qe7 39. Rxf8+ Qxf8) 38. Qxh5 $18 Bg7 39. Qd5 Bh6 40. Qe6 Qxe6 41. Bxe6 {[%mdl 4096] Endgame KRB-KRB} Bg7 42. Bd5 Re8 43. f4 Rb8 44. Kf3 h6 $2 {[#]} (44... Rd8 45. Bc4 Bc3) 45. e4 Bd4 46. Ra4 Bc5 47. Kg4 Kg7 48. Rc4 Bb6 49. Rb4 Bc7 (49... h5+ $18 50. Kxh5 Bc7) 50. Rxb8 {White mates.} Bxb8 {KB-KB} 51. Kf5 Ba7 52. g4 Be3 53. e5 {[%cal Be4e5,Be5e6,Be6e7][%mdl 32]} Kf8 54. Ke4 Bc1 55. f5 Bg5 56. f6 Bh4 57. Kf5 Bg5 58. e6 Bxf6 59. Kxf6 Kg8 60. e7+ {Precision: White = 90%, Black = 24%.} 1-0

[Event "11th Chennai Open-GM 2019"]
[Site "Chennai"]
[Date "2019.01.19"]
[Round "3"]
[White "Lugovskoy, Maxim"]
[Black "Gokhale, Chandrashekhar"]
[Result "1-0"]
[WhiteElo "2445"]
[BlackElo "2198"]
[Annotator "TA RC"]
[PlyCount "85"]
[EventDate "2019.01.18"]
[EventType "swiss"]
[EventCountry "IND"]
[SourceTitle "playchess.com"]
[Source "ChessBase"]
[SourceQuality "1"]

{[%evp 20,85,41,35,45,65,77,18,56,60,56,50,68,63,65,50,62,58,63,50,81,66,79,79,93,83,93,95,110,91,151,128,168,145,163,142,156,110,111,58,124,106,79,100,195,186,149,156,168,61,426,439,426,429,395,389,759,751,873,853,839,817,848,839,800,793,798,775]} 1. d4 d6 2. e4 Nf6 3. Nc3 e5 4. dxe5 dxe5 5. Qxd8+ Kxd8 6. Nf3 Bd6 7. Bc4 Be6 8. Bxe6 fxe6 9. Be3 Nbd7 {B07: Pirc Defence: Miscellaneous Systems} 10. O-O-O Ke7 11. Nd2 {LiveBook: 3 Games} Ng4 $146 {White is slightly better.} ({Predecessor:} 11... a6 12. a4 b5 13. f3 Rhb8 14. Nb3 Bb4 15. Na2 bxa4 16. Nxb4 Rxb4 17. Na5 {1-0 (29) Kantans,T (2469)-Biljanic,L (2260) Novi Sad 2016}) 12. Bg5+ Ndf6 13. Rdf1 (13. Bh4 $16) 13... Nh6 14. f3 Nf7 15. Be3 Nd8 16. h4 Nc6 17. Ne2 {[%cal Bc3e2,Be2c1,Bc1d3][%mdl 32]} a6 18. h5 h6 19. g4 Kd7 20. c3 Raf8 21. Kc2 Rf7 22. Nc1 Kc8 23. b4 {[%cal Bb2b4,Bb4b5][%mdl 32]} Nh7 24. a4 Ng5 ({Black should try} 24... a5) 25. Nd3 $16 Rf6 26. b5 $1 {[%cal Rb5c6]} Nb8 27. c4 {aiming for c5.} b6 28. Bxg5 hxg5 29. c5 (29. Ra1 $16) 29... bxc5 (29... Bxc5 $14 30. Nxe5 (30. Nxc5 bxc5 31. Nc4 axb5 $14) 30... Rd8) 30. Nc4 axb5 31. axb5 Nd7 (31... Rhf8 $16) 32. Ra1 $18 Rhf8 33. Ra6 $1 Rxf3 34. b6 ({And not} 34. Nxd6+ cxd6 35. Rc6+ (35. Rxd6 c4 $11) 35... Kb8 $11) (34. Rha1 $18) 34... Rd8 $2 {[%mdl 8192]} (34... Rf1 $14 35. Rxf1 Rxf1) 35. Ra8+ Nb8 {[#]} 36. Rha1 $1 {[%cal Ra1a7] Strongly threatening R1a7.} cxb6 37. Nxb6+ Kb7 $2 (37... Kc7) 38. Nc4 {R1a7+ would kill now.White is clearly winning.} Bc7 39. R8a7+ Kc8 {[#]} 40. Rxc7+ $1 {[%mdl 512]} Kxc7 41. Ra7+ Kc6 42. Ndxe5+ Kb5 43. Rb7+ {Precision: White = 71%, Black = 24%.} ({Less strong is} 43. Nxf3 Kxc4 44. Rxg7 Nc6 $16) 1-0

[Event "11th Chennai Open-GM 2019"]
[Site "Chennai"]
[Date "2019.01.19"]
[Round "3"]
[White "Sundararajan, Kidambi"]
[Black "Senthil Maran K"]
[Result "0-1"]
[WhiteElo "2436"]
[BlackElo "2183"]
[Annotator "TA"]
[PlyCount "46"]
[EventDate "2019.01.18"]
[EventType "swiss"]
[EventCountry "IND"]
[SourceTitle "playchess.com"]
[Source "ChessBase"]
[SourceQuality "1"]

{[%evp 9,46,1,5,-1,18,15,19,6,16,16,31,12,18,-16,89,87,77,76,114,100,156,139,113,118,248,115,128,128,91,-87,-91,-95,-107,-161,-181,-329,-320,-895,-903]} 1. c4 c6 2. Nf3 d5 3. e3 Nf6 4. Nc3 e6 5. b3 Nbd7 6. Qc2 {A11: English Opening: 1...c6} e5 7. cxd5 Nxd5 8. Bc4 $146 {The position is equal.} ({Predecessor:} 8. Bb2 Bd6 9. a3 O-O 10. Be2 Re8 11. O-O N7f6 12. d3 Bg4 13. Ne4 Bc7 {1-0 (44) Van Wely,L (2654)-Fressinet,L (2717) Dubai 2014}) 8... Nxc3 9. dxc3 Be7 10. Bb2 $40 {[%mdl 128] Black needs to defend precisely.} O-O 11. h4 Nb6 (11... Bd6 $11) 12. Bd3 $16 h6 13. Nxe5 Bxh4 14. c4 Qe7 (14... Bf6 $142) 15. O-O-O $1 {aiming for Bh7+.} Bf6 16. Rh5 Nd7 (16... Rd8 $16 {might work better.}) 17. Ng4 (17. Bh7+ $18 {is the precise move to win.} Kh8 18. Nxd7 Bxb2+ 19. Qxb2 Kxh7 20. Re5) 17... Bxb2+ 18. Qxb2 ({Inferior is} 18. Kxb2 Nf6 $15) 18... Nc5 19. Be2 $2 {[#]} (19. Nxh6+ $1 $16 {is necessary to keep the advantage.} gxh6 20. Bc2 (20. Rxh6 Nxd3+ 21. Rxd3 f6 $11)) 19... Bxg4 $1 $17 20. Bxg4 Rad8 21. Rxd8 (21. Be2 $17) 21... Rxd8 $19 22. Be2 {[#]} (22. Bf5 {was the only chance.}) 22... Ne4 $1 {[%cal Re4f2]} 23. Re5 $2 (23. Bf3 Qb4 24. Rh1) 23... Qb4 {Accuracy: White = 29%, Black = 38%.} 0-1

[Event "11th Chennai Open-GM 2019"]
[Site "Chennai"]
[Date "2019.01.19"]
[Round "3"]
[White "Laxman, R.R."]
[Black "Thrish Karthik"]
[Result "1-0"]
[WhiteElo "2421"]
[BlackElo "2168"]
[Annotator "TA"]
[PlyCount "73"]
[EventDate "2019.01.18"]
[EventType "swiss"]
[EventCountry "IND"]
[SourceTitle "playchess.com"]
[Source "ChessBase"]
[SourceQuality "1"]

{[%evp 24,73,28,18,93,86,106,61,105,71,81,58,52,33,90,50,72,52,116,123,143,98,129,132,102,75,241,223,301,309,308,310,319,285,331,312,583,575,808,795,898,889,850,840,844,570,1016,1012,1142,1095,1371,1270]} 1. d4 d5 2. Nf3 Nf6 3. c4 c6 4. e3 Bf5 5. Nc3 e6 6. Nh4 Be4 7. f3 Bg6 8. Qb3 Qc7 9. g3 {D12: Slav Defence: 3 Nf3 Nf6 4 e3 Bf5} (9. Bd2 Be7 10. O-O-O dxc4 11. Bxc4 a6 12. Be2 Nbd7 13. Nxg6 hxg6 14. Kb1 c5 15. d5 exd5 16. Nxd5 Nxd5 17. Qxd5 {0-1 (31) Karjakin,S (2773)-Caruana,F (2822) Saint Louis 2018}) 9... Be7 10. Bd2 a6 11. Rc1 dxc4 12. Bxc4 b5 13. Be2 {[#] LiveBook: 5 Games} ({Wrong is} 13. Nxg6 $2 bxc4 14. Qxc4 hxg6 $19) 13... Nh5 $146 (13... Nbd7 $11 {remains equal.}) ({Predecessor:} 13... c5 14. dxc5 Nc6 15. Nxg6 hxg6 16. Qc2 Nb4 {1-0 (40) Antipov,M (2597)-Motylev,A (2660) Sochi 2018}) 14. Nxg6 $16 hxg6 15. Kf2 O-O 16. a4 Nd7 17. f4 Nhf6 18. Bf3 {[%cal Ra4b5]} Qb6 (18... Rab8 $14) 19. Ne2 c5 20. a5 $36 {[%mdl 2048] White is more active.} Qd6 ({Better is} 20... Qa7 $14) 21. e4 {[%cal Be3e4,Be4e5][%mdl 32] Black must now prevent e5.} Qc6 22. Qe3 c4 23. b4 Rad8 24. g4 g5 $2 {[#]} (24... Qc8 $16 {was worth a try.}) 25. fxg5 $18 Nh7 26. e5 Qc7 27. h4 Nb8 28. Qe4 Qd7 29. Bc3 f5 $2 (29... Rc8 30. Nf4 Nc6) 30. exf6 {White is clearly winning.} gxf6 31. g6 f5 32. gxh7+ Kxh7 33. gxf5 exf5 34. Qb7 Qe6 35. Nf4 {[%cal Be2f4,Bf4e6,Be6f8][%mdl 32]} Qd6 {[#]} 36. Ne6 $1 {[%mdl 512]} Rd7 (36... Qxe6 37. Rce1) 37. Nxf8+ {Accuracy: White = 68%, Black = 28%.} 1-0

[Event "11th Chennai Open-GM 2019"]
[Site "Chennai"]
[Date "2019.01.19"]
[Round "3"]
[White "Harshavardhan G B"]
[Black "Rozum, Ivan"]
[Result "1-0"]
[WhiteElo "2275"]
[BlackElo "2589"]
[Annotator "TA"]
[PlyCount "111"]
[EventDate "2019.01.18"]
[EventType "swiss"]
[EventCountry "IND"]
[SourceTitle "playchess.com"]
[Source "ChessBase"]
[SourceQuality "1"]

{[%evp 17,111,8,44,0,0,0,14,16,7,0,0,0,0,0,0,-7,0,0,0,0,0,0,7,0,29,0,113,113,113,105,105,107,114,103,111,110,116,101,122,122,122,109,384,376,362,321,329,295,274,261,337,354,357,336,351,343,546,572,585,581,593,570,767,909,873,833,577,759,772,754,722,754,984,764,855,660,648,627,1289,1257,1893,1934,29969,29967,29976,29977,29981,29982,29982,29983,29977,29977,29975,29978,5118,2080]} 1. d4 g6 2. c4 Bg7 3. Nc3 c5 4. d5 Bxc3+ 5. bxc3 f5 6. h4 Nf6 7. h5 Rg8 8. hxg6 hxg6 9. Nf3 d6 {LiveBook: 10 Games. A40: Unusual replies to 1 d4} 10. Bg5 (10. Ng5 Qa5 11. Qc2 Nbd7 12. Bf4 Nb6 13. e3 Bd7 14. f3 O-O-O 15. Kf2 Rh8 16. Bd3 Ba4 17. Qd2 {1-0 (46) Le,Q (2706)-Leon Hoyos,M (2512) Saint Louis 2014}) 10... Nbd7 11. e3 Qa5 {The position is equal.} 12. Qb3 $146 ({Predecessor:} 12. Qc2 Ne4 13. Rc1 Ndf6 14. Bd3 Nxg5 15. Nxg5 Bd7 16. e4 fxe4 17. Nxe4 {1-0 (49) Sampaoli,C (2125)-Altamirano,B (2284) Buenos Aires 2006}) 12... Nb6 13. Bd3 Bd7 14. Bxf6 exf6 15. Ke2 O-O-O 16. Rh6 Ba4 17. Qb2 $36 {[%mdl 2048] White has the initiative.} Be8 18. Qb3 Ba4 19. Qb2 Be8 20. Qb3 Nd7 21. Rh7 b6 {[#]} (21... Nb6 $11) 22. Qb5 $1 $16 {[%cal Rb5c6]} Qxb5 23. cxb5 Kb8 24. c4 Nf8 25. Rh6 Rd7 26. Rah1 Kc7 27. g3 Rdg7 28. Nd2 Re7 29. a4 a5 $2 {[%mdl 8192]} (29... Bd7 $16 30. a5 bxa5) 30. bxa6 $18 Kb8 31. Rh8 Reg7 32. f4 Ka7 33. e4 Bxa4 34. exf5 gxf5 35. Rxg8 ({Less strong is} 35. Bxf5 Rxh8 36. Rxh8 Ng6 $16) 35... Rxg8 36. Kf3 ({But not} 36. Bxf5 Rxg3 37. Ne4 Rg8 $18) 36... Ne6 (36... Bd7 $142 37. Rh6 Kxa6 38. Rxf6 {[%mdl 64] Double Attack} Ka5) 37. dxe6 Bc6+ 38. Ne4 $1 {[%mdl 64] [#] Double Attack} Re8 39. g4 fxe4+ 40. Bxe4 Bxe4+ 41. Kxe4 Rxe6+ {[%mdl 4096] Endgame KR-KR} 42. Kf5 Re8 43. Kxf6 Rf8+ 44. Kg5 d5 45. cxd5 b5 46. Rh7+ Kxa6 47. Rc7 c4 48. f5 {[%cal Bf4f5,Bf5f6,Bf6f7][%mdl 32]} Rd8 49. f6 Rxd5+ 50. Kg6 Rd8 51. f7 Kb6 52. Re7 c3 53. Re8 Rd6+ 54. Kg7 Rd7 55. Rc8 b4 56. g5 {Accuracy: White = 75%, Black = 46%.} (56. Kg8 $142 Rxf7 57. Kxf7) 1-0

[Event "11th Chennai Open-GM 2019"]
[Site "Chennai"]
[Date "2019.01.19"]
[Round "3"]
[White "Srihari L R"]
[Black "Paichadze, Luka"]
[Result "0-1"]
[WhiteElo "2253"]
[BlackElo "2583"]
[Annotator "TA RC"]
[PlyCount "100"]
[EventDate "2019.01.18"]
[EventType "swiss"]
[EventCountry "IND"]
[SourceTitle "playchess.com"]
[Source "ChessBase"]
[SourceQuality "1"]

{[%evp 17,100,24,22,-24,-16,-22,-10,-8,-8,0,-6,-14,-21,-20,-20,-10,-2,-29,-29,-55,-42,-62,-27,-26,-23,-28,-9,-30,-34,-37,-37,-37,-37,-37,-37,-72,-73,-103,-96,-102,-103,-105,-69,-71,-81,-150,-115,-103,-84,-102,-99,-85,-79,-75,-69,-196,-185,-137,-71,-271,-261,-337,-356,-333,-321,-456,-442,-685,-685,-664,-653,-617,-625,-506,-473,-1956,-1595,-1500,-1136,-29985,-29986,-29986,-29987,-29987,-29988]} 1. d4 Nf6 2. c4 e6 3. Nf3 Bb4+ 4. Bd2 a5 5. g3 b6 6. Bg2 Bb7 7. O-O O-O 8. a3 Bxd2 9. Nbxd2 d6 {LiveBook: 8 Games. E16: Queen's Indian: 4 g3 Bb7 5 Bg2 Bb4+} 10. Nh4 $146 ({Predecessor:} 10. Qc2 c5 {½-½ (10) Swayams,M (2477)-Maiorov,N (2566) Padova 2015}) 10... Bxg2 11. Nxg2 Nbd7 {The position is equal.} 12. e4 e5 13. d5 Nc5 14. Qc2 a4 15. f3 $1 Qd7 16. Ne3 Rfb8 17. Rfb1 h5 18. Kh1 g6 19. Rf1 Qe7 20. Rae1 b5 21. cxb5 Rxb5 (21... h4 $5) 22. Nd1 Rab8 23. Rf2 {[#]} h4 $1 {[%mdl 512]} 24. g4 (24. gxh4 Nh5) 24... Nh7 {[%cal Bf6h7,Bh7g5,Bg5h3,Bh3f4][%mdl 32]} 25. Nc4 Ng5 26. Nc3 Nh3 27. Rfe2 Rb3 $36 {[%mdl 2048] Black has strong initiative.} 28. Rf1 Nf4 29. Re3 Qd7 30. Rb1 Ra8 31. Na2 (31. Nd2 $142) 31... Rxe3 32. Nxe3 Nb3 33. Nb4 Nd4 34. Qf2 h3 35. Rc1 Rb8 {White must now prevent ...Rxb4!} 36. Rc3 {[#]} ({Better is} 36. Qf1 $15) 36... Rb5 $1 $19 37. Nec2 {[#]} Nb3 ({Black should try} 37... Rc5 $1 {[%cal Rc5c3] ...Rxc3 is the strong threat.} 38. Nxd4 exd4 39. Rxc5 dxc5) 38. Qa7 $2 (38. Nc6 $17) 38... Rc5 39. Rxc5 Nxc5 40. Nc6 {[#]} Nxe4 $1 {[%mdl 512]} 41. Qxa4 (41. Qa8+ $142 Kg7 42. Ne3) (41. fxe4 Qxg4) 41... Ng5 42. Qb3 (42. Ne3 $142 Nxf3 43. Qd1) 42... e4 43. Qc4 {and the idea Ne3 leaves White hopeful.} Nxf3 44. Ne3 Nd3 {[%cal Rd3f2]} 45. Qc2 Qe8 46. Nb4 (46. Qe2 $142 Nfe5 47. Nxe5 Qxe5 48. a4) 46... Nxb4 47. axb4 Qa8 48. Qe2 Qa1+ {Black mates.} 49. Qf1 Qxb2 {[%csl Gf3][%cal Rb2h2]} 50. Qxh3 Qf2 {Precision: White = 33%, Black = 79%.} 0-1